Rural Environmental Management (Record no. 328396)

000 -LEADER
fixed length control field nam a22 7a 4500
003 - CONTROL NUMBER IDENTIFIER
control field Nust
005 - DATE AND TIME OF LATEST TRANSACTION
control field 20170406125758.0
008 - FIXED-LENGTH DATA ELEMENTS--GENERAL INFORMATION
fixed length control field 170406b xxu||||| |||| 00| 0 eng d
020 ## - INTERNATIONAL STANDARD BOOK NUMBER
International Standard Book Number 8176466255
040 ## - CATALOGING SOURCE
Transcribing agency dlc
082 ## - DEWEY DECIMAL CLASSIFICATION NUMBER
Classification number 307.1412095 SIN
100 ## - MAIN ENTRY--PERSONAL NAME
Relator code Singh, Abha Lakshmi
245 ## - TITLE STATEMENT
Title Rural Environmental Management
Remainder of title Singh, Abha Lakshmi
942 ## - ADDED ENTRY ELEMENTS (KOHA)
Source of classification or shelving scheme
Koha item type Book
Holdings
Withdrawn status Lost status Source of classification or shelving scheme Damaged status Not for loan Permanent Location Current Location Date acquired Total Checkouts Full call number Barcode Date last seen Price effective from Koha item type
          School of Civil and Environmental Engineering (SCEE) School of Civil and Environmental Engineering (SCEE) 04/06/2017   307.1412095 SIN NIT-8338 04/06/2017 04/06/2017 Book
© 2023 Central Library, National University of Sciences and Technology. All Rights Reserved.